| 000 | 00514nam a22001457a 4500 | ||
|---|---|---|---|
| 005 | 20241219002246.0 | ||
| 008 | 241218b |||||||| |||| 00| 0 eng d | ||
| 082 |
_26995 _a305 _bDAN |
||
| 100 | _aBass, D | ||
| 245 | _aMalaiyaha (Up-Country) Tamil Identity and Politics in the Twenty-First Century | ||
| 260 |
_aColombo _bInternaional Centre for Ethnic Studies _c2000 |
||
| 300 | _a16 p., | ||
| 500 | _aA research on the significant strides Malaiyaha Tamils have made in the political and social spheres. | ||
| 942 | _cL | ||
| 999 |
_c5941 _d5941 |
||